Every Disney theatrical cartoon - Statistics

General Stats
  • This quiz has been taken 8 times
  • The average score is 3 of 465
Answer Stats
Series Year Answer % Correct
Mickey Mouse 1928 Steamboat Willie
67%
Silly Symphonies 1935 Broken Toys
33%
Goofy 1942 How To Fish
33%
Goofy 1942 How To Play Baseball
33%
Goofy 1944 How To Play Football
33%
Goofy 1944 How To Play Golf
33%
Mickey Mouse 1929 Mickey's Follies
33%
(no series) 1956 A Cowboy Needs A Horse
0%
Pluto 1946 A Feather In His Collar
0%
Goofy 1945 African Diary
0%
Mickey Mouse 1941 A Gentlemen's Gentleman
0%
Donald Duck 1941 A Good Time For A Dime
0%
Goofy 1946 A Knight For A Day
0%
Donald Duck 1949 All In A Nutshell
0%
NFBC-Mickey Mouse 1942 All Together
0%
Mickey Mouse 1936 Alpine Climbers
0%
Goofy 1961 Aquamania
0%
Silly Symphonies 1930 Arctic Antics
0%
Ludwig Won Drake 1962 A Symposium On Popular Songs
0%
Silly Symphonies 1930 Autumn
0%
Silly Symphonies 1932 Babes In The Woods
0%
Goofy 1941 Baggage Buster
0%
Mickey Mouse 1929 Barnyard Battle
0%
Figaro 1946 Bath Day
0%
Donald Duck 1939 Beach Picnic
0%
Donald Duck 1955 Bearly Asleep
0%
Donald Duck 1950 Bee At The Beach
0%
Donald Duck 1951 Bee On Guard
0%
Donald Duck 1955 Beezy Bear
0%
Donald Duck 1942 Bellboy Donald
0%
(no series) 1953 Ben And Me
0%
Donald & Goofy 1940 Billposters
0%
Silly Symphonies 1933 Birds In The Spring
0%
Silly Symphonies 1931 Birds Of A Feather
0%
Mickey Mouse 1931 Blue Rhythm
0%
Mickey, Donald, & Goofy 1938 Boat Builders
0%
Pluto 1948 Bone Bandit
0%
Pluto 1940 Bone Trouble
0%
Donald Duck 1947 Bootle Beetle
0%
Mickey Mouse 1938 Brave Little Tailor
0%
Pluto 1949 Bubble Bee
0%
Silly Symphonies 1932 Bugs In Love
0%
Mickey Mouse 1933 Building A Building
0%
Goofy 1945 Californy'er Bust
0%
Pluto 1950 Camp Dog
0%
Mickey Mouse 1934 Camping Out
0%
Mickey Mouse 1941 Canine Caddy
0%
Pluto 1945 Canine Cassanova
0%
Pluto 1945 Canine Patrol
0%
Silly Symphonies 1930 Cannibal Capers
0%
Donald Duck 1953 Canvas Back Duck
0%
(no series) 1954 Casey Bats Again
0%
Pluto 1948 Cat Nap Pluto
0%
Donald Duck 1941 Chef Donald
0%
Chip And Dale 1951 Chicken In The Rough
0%
(no series) 1943 Chicken Little
0%
Donald Duck 1947 Chip An' Dale
0%
Donald Duck 1956 Chips Ahoy
0%
Mickey, Donald, & Goofy 1937 Clock Cleaners
0%
Donald Duck 1947 Clown Of The Jungle
0%
Silly Symphonies 1935 Cock o' the Walk
0%
Pluto 1951 Cold Storage
0%
Pluto 1951 Cold Turkey
0%
Goofy 1951 Cold War
0%
Donald Duck 1944 Commando Duck
0%
Donald Duck 1944 Contrary Condor
0%
Donald Duck 1951 Corn Chips
0%
Donald Duck 1950 Crazy Over Daisy
0%
Donald Duck & Goofy 1947 Crazy With The Heat
0%
Donald Duck 1945 Cured Duck
0%
Donald Duck 1948 Daddy Duck
0%
Donald Duck 1943 Der Fuehrer's Face
0%
Pluto 1945 Dog Watch
0%
Mickey Mouse 1936 Donald & Pluto
0%
(educational Donald Duck) 1961 Donald And The Wheel
0%
Donald Duck 1944 Donald Duck & The Gorilla
0%
Donald Duck 1942 Donald Gets Drafted
0%
(educational) 1959 Donald In Mathmagic Land
0%
Donald Duck 1952 Donald's Applecore
0%
Donald Duck 1938 Donald's Better Self
0%
Donald Duck 1941 Donald's Camera
0%
Donald Duck 1939 Donald's Cousin Gus
0%
Donald Duck 1945 Donald's Crime
0%
NFBC-Donald Duck 1942 Donald's Decision
0%
Donald Duck 1954 Donald's Diary
0%
Donald Duck 1947 Donald's Dilemma
0%
Donald Duck 1940 Donald's Dog Laundry
0%
Donald Duck 1946 Donald's Double Trouble
0%
Donald Duck 1948 Donald's Dream Voice
0%
Donald Duck 1942 Donald's Garden
0%
Donald Duck 1942 Donald's Gold Mine
0%
Donald Duck 1938 Donald's Golf Game
0%
Donald Duck 1949 Donald's Happy Birthday
0%
Donald Duck 1939 Donald's Lucky Day
0%
Donald Duck 1938 Donald's Nephews
0%
Donald Duck 1944 Donald's Off Day
0%
Donald Duck 1937 Donald's Ostrich
0%
Donald Duck 1939 Donald's Penguin
0%
Donald Duck 1942 Donald's Snow Fight
0%
Donald Duck 1940 Donald's Vacation
0%
Mickey Mouse 1937 Don Donald
0%
Donald Duck 1953 Don's Fountain Of Youth
0%
Goofy 1946 Double Dribble
0%
Donald Duck 1954 Dragon Around
0%
Donald Duck 1948 Drip Drippy Donald
0%
Donald Duck 1945 Duck Pimples
0%
Donald Duck 1951 Dude Duck
0%
Donald Duck 1946 Dumb Bell Of The Yukon
0%
Donald Duck 1941 Early To Bed
0%
(no series) 1943 Education For Death
0%
Silly Symphonies 1931 Egyptian Melodies
0%
Silly Symphonies 1936 Elmer Elephant
0%
Silly Symphonies 1929 El Terrible Toreador
0%
Donald Duck 1943 Fall Out Fall In
0%
Silly Symphonies 1938 Farmyard Symphony
0%
Silly Symphonies 1933 Father Noahs Ark
0%
Goofy 1951 Fathers Are People
0%
Goofy 1953 Father's Day Off
0%
Goofy 1952 Father's Lion
0%
Goofy 1953 Fathers Week-end
0%
Silly Symphonies 1938 Ferdinand The Bull
0%
Mickey Mouse 1930 Fiddling Around
0%
Figaro 1947 Figaro & Frankie
0%
Figaro 1943 Figaro And Cleo
0%
Donald Duck 1940 Fire Chief
0%
Pluto 1944 First Aiders
0%
Mickey Mouse 1931 Fishin' Around
0%
Silly Symphonies 1932 Flowers & Trees
0%
Pluto 1950 Food For Fuedin
0%
(no series) 1953 Football Now And Then
0%
Goofy 1953 For Whom The Bulls Toll
0%
Goofy 1947 Foul Hunting
0%
Donald Duck & Goofy 1946 Frank Duck Brings Em Back Alive
0%
(educational Goofy) 1965 Freewayphobia
0%
Silly Symphonies 1930 Frolicking Fish
0%
Silly Symphonies 1934 Funny Little Bunnies
0%
Goofy 1951 Get Rich Quick
0%
Mickey Mouse 1933 Giantland
0%
Donald Duck 1941 Golden Eggs
0%
(no series) 1960 Golitah II
0%
Donald Duck 1938 Good Scouts
0%
Goofy 1939 Goofy & Wilbur
0%
Goofy 1949 Goofy Gymnastics
0%
(educational Goofy) 1965 Goofy's Freeway Troubles
0%
Goofy 1940 Goofy's Glider
0%
Donald Duck 1954 Grand Canyonscope
0%
Donald Duck 1954 Grin & Bear It
0%
Mickey Mouse 1934 Gulliver Mickey
0%
Mickey Mouse 1937 Hawaiian Holiday
0%
Goofy 1952 Hello Aloha
0%
Silly Symphonies 1929 Hell's Bells
0%
Goofy 1945 Hockey Homicide
0%
Goofy 1950 Hold That Pose
0%
Donald Duck 1943 Home Defense
0%
Goofy 1951 Home Made Home
0%
Donald Duck 1949 Honey Harvester
0%
Humphrey The Bear 1956 Hooked Bear
0%
Donald Duck 1950 Hook, Lion, & Sinker
0%
Goofy 1952 How To Be A Detective
0%
Goofy 1944 How To Be A Sailor
0%
Goofy 1953 How To Dance
0%
Donald Duck 1956 How To Have An Accident At Home
0%
Donald Duck 1959 How To Have An Accident At Work
0%
Goofy 1953 How To Sleep
0%
Goofy 1942 How To Swim
0%
Pluto 1946 In Dutch
0%
Donald Duck 1948 Inferior Decorator
0%
Humphrey The Bear 1956 In The Bag
0%
(no series) 1978 Its A Small One
0%
educational 1969 Its Tough To Be A Bird
0%
(no series) 1956 Jack And Ol Mac
0%
Mickey Mouse 1929 Jungle Rhythm
0%
Silly Symphonies 1932 Just Dogs
0%
Silly Symphonies 1932 King Neptune
0%
(no series) 1952 Lambert The Sheepish Lion
0%
Mickey Mouse 1941 Lend A Paw
0%
Donald Duck 1952 Let's Stick Together
0%
Donald Duck 1946 Lighthouse Keeping
0%
Donald Duck 1950 Lion Around
0%
Goofy 1951 Lion Down
0%
Silly Symphonies 1937 Little Hiawatha
0%
Mickey, Donald, & Goofy 1937 Lonesome Ghosts
0%
Donald Duck 1951 Lucky Number
0%
Silly Symphonies 1933 Lullaby Land
0%
Mickey Mouse 1937 Magician Mickey
0%
Pluto 1947 Mail Dog
0%
Goofy 1952 Man's Best Friend
0%
Adventures In Music 1953 Melody
0%
Silly Symphonies 1938 Merbabies
0%
Mickey Mouse 1948 Mickey & The Seal
0%
Mickey Mouse 1931 Mickey Cuts Up
0%
Mickey Mouse 1948 Mickey Down Under
0%
Mickey Mouse 1932 Mickey In Arabia
0%
Mickey Mouse 1934 Mickey Plays Papa
0%
Mickey, Donald, & Goofy 1937 Mickey's Amateurs
0%
Mickey Mouse 1942 Mickey's Birthday Party
0%
Mickey Mouse 1929 Mickey's Choo Choo
0%
Mickey Mouse 1936 Mickey's Circus
0%
Mickey Mouse 1947 Mickey's Delayed Date
0%
Mickey Mouse 1936 Mickey's Elephant
0%
Mickey Mouse 1935 Mickey's Fire Brigade
0%
Mickey Mouse 1933 Mickey's Gala Premier
0%
Mickey Mouse 1935 Mickey's Garden
0%
Mickey Mouse 1932 Mickey's Good Deed
0%
Mickey Mouse 1936 Mickey's Grand Opera
0%
Mickey Mouse 1935 Mickey's Kangaroo
0%
Mickey Mouse 1935 Mickey's Man Friday
0%
Mickey Mouse 1933 Mickey's Mechanical Man
0%
Mickey Mouse 1933 Mickey's Mellerdrammer
0%
Mickey Mouse 1932 Mickey's Nightmare
0%
Mickey Mouse 1931 Mickey's Orphan
0%
Mickey Mouse 1933 Mickey's Pal Pluto
0%
Mickey Mouse 1938 Mickey's Parrot
0%
Mickey Mouse 1936 Mickey's Polo Team
0%
Mickey Mouse 1932 Mickey's Revue
0%
Mickey Mouse 1936 Mickey's Rival
0%
Mickey Mouse 1935 Mickey's Service Station
0%
Mickey Mouse 1934 Mickey's Steam Roller
0%
Mickey Mouse 1939 Mickey's Surprise Party
0%
Mickey Mouse 1931 Mickey Steps Out
0%
Mickey, Donald, & Goofy 1938 Mickey's Trailer
0%
Silly Symphonies 1930 Midnight In A Toy Shop
0%
Mickey Mouse 1930 Minnie's Yoo Hoo
0%
Mickey Mouse 1937 Modern Inventions
0%
Silly Symphonies 1930 Monkey Melodies
0%
Mickey, Donald, & Goofy 1937 Moose Hunters
0%
Silly Symphonies 1936 More Kittens
0%
(no series) 1950 Morris The Midnight Moose
0%
Silly Symphonies 1938 Mother Goose Goes To Hollywood
0%
Silly Symphonies 1931 Mother Goose Melodies
0%
Silly Symphonies 1936 Mother Pluto
0%
Goofy 1950 Motor Mania
0%
Mickey, Donald, & Goofy 1936 Moving Day
0%
Donald Duck 1940 Mr. Duck Steps Out
0%
Mickey Mouse 1940 Mr. Mouse Takes A Trip
0%
Mickey Mouse 1932 Musical Farmer
0%
Silly Symphonies 1935 Music Land
0%
Silly Symphonies 1930 Night
0%
(no series) 1959 Noahs Ark
0%
Donald Duck 1955 No Hunting
0%
Donald Duck & Goofy 1945 No Sail
0%
Goofy 1951 No Smoking
0%
Donald Duck 1939 Officer Duck
0%
Silly Symphonies 1933 Old King Cole
0%
Donald Duck 1941 Old Macdonald Duck
0%
Donald Duck 1945 Old Sequoia
0%
Mickey Mouse 1935 On Ice
0%
Mickey Mouse 1934 Orphan's Benefit
0%
Mickey Mouse 1941 Orphans Benefit
0%
Mickey Mouse 1936 Orphan's Picnic
0%
Donald Duck 1951 Out Of Scale
0%
WAC-Pluto 1942 Out Of The Frying Pan & Into The Firing Line
0%
Donald Duck 1950 Out On A Limb
0%
Pluto 1940 Pantry Pirate
0%
Mickey Mouse 1932 Parade Of The Awards Nominees
0%
(no series) 1958 Paul Bunyan
0%
Silly Symphonies 1934 Peculiar Penguins
0%
Donald Duck 1950 Pests Of The West
0%
(no series) 1954 Pigs Is Pigs
0%
Mickey Mouse 1930 Pioneer Days
0%
Mickey Mouse 1928 Plane Crazy
0%
Silly Symphonies 1930 Playful Pan
0%
Mickey Mouse 1934 Playful Pluto
0%
Mickey Mouse & Pluto 1943 Pluto & The Armadillo
0%
Pluto 1950 Pluto And The Gopher
0%
Pluto 1942 Pluto At The Zoo
0%
Pluto 1942 Pluto Jr.
0%
Pluto 1951 Plutopia
0%
Pluto 1947 Pluto's Blue Note
0%
Mickey Mouse 1952 Pluto's Christmas Tree
0%
Pluto 1948 Pluto's Fledgeling
0%
Pluto 1950 Pluto's Heart Throb
0%
Pluto 1947 Pluto's Housewarming
0%
Mickey Mouse 1935 Pluto's Judgement Day
0%
Pluto 1946 Pluto's Kid Brother
0%
Mickey Mouse 1952 Pluto's Party
0%
Pluto 1941 Pluto's Playmate
0%
Pluto 1948 Pluto's Purchase
0%
Pluto 1937 Plutos Quin-Tuplets
0%
Pluto 1949 Pluto's Surprise Package
0%
Pluto 1949 Pluto's Sweater
0%
Donald & Goofy 1938 Polar Trappers
0%
Pluto 1950 Primitive Pluto
0%
Pluto 1943 Private Pluto
0%
Pluto 1949 Pueblo Pluto
0%
Mickey Mouse 1933 Puppy Love
0%
Pluto 1950 Puss Cafe
0%
Donald Duck 1940 Put-Put Troubles
0%
Mickey Mouse 1951 R'coon Dawg
0%
(no series) 1943 Reason And Emotion
0%
Pluto 1947 Rescue Dog
0%
Donald Duck 1953 Rugged Bear
0%
Silly Symphonies 1932 Santa's Workshop
0%
Scrooge McDuck 1967 Scrooge McDuck & Money
0%
Donald Duck 1949 Sea Salts
0%
Donald Duck 1939 Sea Scouts
0%
Donald Duck 1938 Self Control
0%
Mickey Mouse 1934 Shanghaied
0%
Pluto 1949 Sheep Dog
0%
Donald Duck 1942 Sky Trooper
0%
Donald Duck 1947 Sleepy Time Donald
0%
Donald Duck 1949 Slide, Donald, Slide
0%
(no series) 1954 Social Lion
0%
Mickey Mouse 1939 Society Dog Show
0%
Donald Duck 1948 Soup's On
0%
Donald Duck 1954 Spare The Rod
0%
Silly Symphonies 1929 Springtime
0%
Pluto 1944 Springtime For Pluto
0%
Mickey Mouse 1946 Squatters Right
0%
Donald Duck 1947 Straight Shooters
0%
Silly Symphonies 1930 Summer
0%
(no series) 1952 Susie The Little Blue Coupe
0%
Mickey Mouse 1942 Symphony Hour
0%
Pluto 1942 T-Bone For Two
0%
Goofy 1952 Teachers Are People
0%
Donald Duck 1948 Tea For Two Hundred
0%
Goofy 1949 Tennis Racquet
0%
Donald Duck 1951 Test Pilot Donald
0%
Pluto 1942 The Army Mascot
0%
Goofy 1941 The Art Of Self Defense
0%
Goofy 1941 The Art Of Skiing
0%
Donald Duck 1939 The Autograph Hound
0%
Mickey Mouse 1935 The Band Concert
0%
Mickey Mouse 1929 The Barn Dance
0%
Mickey Mouse 1931 The Barnyard Broadcast
0%
Mickey Mouse 1930 The Barnyard Concert
0%
Mickey Mouse 1932 The Barnyard Olympics
0%
Mickey Mouse 1931 The Beach Party
0%
Silly Symphonies 1932 The Bears & The Bees
0%
Silly Symphonies 1934 The Big Bad Wolf
0%
Goofy 1948 The Big Wash
0%
Silly Symphonies 1932 The Bird Store
0%
Mickey Mouse 1931 The Birthday Party
0%
(no series) 1950 The Brave Engineer
0%
Silly Symphonies 1931 The Busy Beavers
0%
Mickey Mouse 1930 The Cactus Kid
0%
Mickey Mouse 1931 The Castaway
0%
Silly Symphonies 1931 The Cats Out
0%
Mickey Mouse 1930 The Chain Gang
0%
Silly Symphonies 1931 The China Plate
0%
Silly Symphonies 1934 The China Shop
0%
Silly Symphonies 1931 The Clock Store
0%
Donald Duck 1945 The Clock Watcher
0%
Silly Symphonies 1935 The Cookie Carnival
0%
Silly Symphonies 1936 The Country Cousin
0%
Mickey Mouse 1931 The Delivery Boy
0%
Mickey Mouse 1934 The Dognapper
0%
Mickey Mouse 1932 The Duck Hunt
0%
Donald Duck 1945 The Eyes Have It
0%
Mickey Mouse 1930 The Fire Fighters
0%
Donald Duck 1943 The Flying Jalopy
0%
Silly Symphonies 1934 The Flying Mouse
0%
Donald Duck 1954 The Flying Squirrel
0%
Silly Symphonies 1931 The Fox Hunt
0%
Donald & Goofy 1938 The Fox Hunt
0%
Mickey Mouse 1928 The Gallopin Gaucho
0%
Silly Symphonies 1934 The Goddess Of Spring
0%
Silly Symphonies 1935 The Golden Touch
0%
Mickey Mouse 1930 The Gorilla Mystery
0%
Silly Symphonies 1934 The Grasshopper & The Ants
0%
Donald Duck 1949 The Greener Yard
0%
Mickey Mouse 1932 The Grocery Boy
0%
Mickey Mouse 1929 The Haunted House
0%
Donald Duck 1939 The Hockey Champ
0%
(no series) 1934 The Hot Choc-late Soldiers
0%
Mickey Mouse 1929 The Jazz Fool
0%
Mickey Mouse 1929 The Karnival Kid
0%
Mickey Mouse 1932 The Klondike Kid
0%
Pluto 1945 The Legend Of Coyote Rock
0%
(educational Donald Duck) 1961 The Litterbug
0%
(no series) 1952 The Little House
0%
Mickey Mouse 1941 The Little Whirlwind
0%
Chip And Dale 1954 The Lone Chipmunks
0%
Mickey Mouse 1933 The Mad Doctor
0%
Mickey Mouse 1932 The Mad Dog
0%
Mickey Mouse 1933 The Mail Pilot
0%
Silly Symphonies 1929 The Merry Dwarves
0%
Mickey Mouse 1931 The Moose Hunt
0%
Silly Symphonies 1938 The Moth & The Flame
0%
Donald Duck 1953 The New Neighbor
0%
WAC-Donald Duck 1942 The New Spirit
0%
Mickey Mouse 1941 The Nifty Nineties
0%
Silly Symphonies 1933 The Night Before Christmas
0%
Donald Duck 1943 The Old Army Game
0%
Silly Symphonies 1937 The Old Mill
0%
Goofy 1942 The Olympic Champ
0%
Mickey Mouse 1929 The Opry House
0%
Mickey Mouse 1933 The Pet Store
0%
Mickey Mouse 1930 The Picnic
0%
Silly Symphonies 1933 The Pied Piper
0%
Donald Duck 1944 The Plastics Inventor
0%
Mickey Mouse 1929 The Plowboy
0%
Mickey Mouse 1939 The Pointer
0%
Silly Symphonies 1939 The Practical Pig
0%
Pluto 1946 The Purloined Pup
0%
Donald Duck 1940 The Riveter
0%
Silly Symphonies 1935 The Robber Kitten
0%
(no series) 1961 The Saga Of Windwagon Smith
0%
Mickey Mouse 1930 The Shindig
0%
Mickey Mouse 1953 The Simple Things
0%
Silly Symphonies 1929 The Skeleton Dance
0%
Pluto 1942 The Sleepwalker
0%
Silly Symphonies 1931 The Spider And The Fly
0%
Donald Duck 1943 The Spirit Of 43
0%
Mickey Mouse 1939 The Standard Parade
0%
Mickey Mouse 1933 The Steeple Chase
0%
(no series) 1957 The Story Of Anyburg U.S.A
0%
Silly Symphonies 1935 The Tortoise & The Hare
0%
Donald Duck 1948 The Trial Of Donald Duck
0%
(no series) 1957 The Truth About Mother Goose
0%
Silly Symphonies 1931 The Ugly Duckling
0%
Silly Symphonies 1939 The Ugly Duckling
0%
Donald Duck 1942 The Vanishing Private
0%
Donald Duck 1942 The Villiage Smithy
0%
Donald Duck 1940 The Volunteer Worker
0%
Mickey Mouse 1932 The Wayward Canary
0%
Mickey, Donald, & Goofy 1938 The Whalers
0%
Mickey Mouse 1932 The Whoopee Party
0%
Silly Symphonies 1934 The Wise Little Hen
0%
Mickey Mouse 1937 The Worm Turns
0%
Goofy 1948 They're Off
0%
Silly Symphonies 1936 Three Blind Mouseketeers
0%
Donald Duck 1948 Three For Breakfeast
0%
Silly Symphonies 1933 Three Little Pigs
0%
Silly Symphonies 1936 Three Little Wolves
0%
Silly Symphonies 1935 Three Orphan Kitties
0%
Mickey Mouse 1936 Thru The Mirror
0%
Goofy 1945 Tiger Trouble
0%
Donald Duck 1941 Timber
0%
Silly Symphonies 1936 Toby Tortoise Returns
0%
Goofy 1951 Tomorrow We Diet
0%
Adventures In Music 1953 Toot, Whistle, Plunk, & Boom
0%
Mickey Mouse 1932 Touchdown Mickey
0%
Donald Duck 1949 Toy Tinkers
0%
Mickey Mouse 1932 Trader Mickey
0%
Mickey Mouse 1931 Traffic Troubles
0%
Donald Duck 1950 Trailer Horn
0%
Donald Duck 1952 Trick Or Tweet
0%
Donald Duck 1944 Trombone Trouble
0%
Donald Duck 1941 Truant Officer Donald
0%
Mickey, Donald, & Goofy 1940 Tugboat Mickey
0%
Chip And Dale 1952 Two Chips And A Miss
0%
Goofy 1952 Two Gun Goofy
0%
Mickey Mouse 1934 Two Gun Mickey
0%
Goofy 1952 Two Weeks Vacation
0%
Donald Duck 1952 Uncle Donald's Ants
0%
Donald Duck 1955 Up A Tree
0%
Goofy 1943 Victory Vehicles
0%
Silly Symphonies 1935 Water Babies
0%
Donald Duck 1946 Wet Paint
0%
Mickey Mouse 1929 When The Cats Away
0%
Silly Symphonies 1935 Who Killed Cock Robin
0%
Donald Duck 1947 Wide Open Spaces
0%
Mickey Mouse 1929 Wild Waves
0%
Donald Duck 1940 Window Cleaners
0%
Winnie The Pooh 1968 Winnie The Pooh & The Bluestery Day
0%
Winnie The Pooh 1966 Winnie The Pooh & The Honey Tree
0%
Winnie The Pooh 1974 Winnie The Pooh & Tigger Too
0%
Silly Symphonies 1930 Winter
0%
Donald Duck 1949 Winter Storage
0%
Pluto 1950 Wonder Dog
0%
Silly Symphonies 1937 Woodland Cafe
0%
Donald Duck 1953 Working For Peanuts
0%
Silly Symphonies 1938 Wynken, Blynken, & Nod
0%
Mickey Mouse 1933 Ye Olden Days
0%
No matching quizzes found
Score Distribution
Percent of People with Each Score
Percentile by Number Answered
Your Score History
You have not taken this quiz